| 000 | 01747nam a2200217 4500 | ||
|---|---|---|---|
| 003 | NALT | ||
| 005 | 20251031134800.0 | ||
| 008 | 251027b th ||||| |||| 00| 0 tha d | ||
| 040 | _aNALT | ||
| 050 |
_aDS 587 _bว153บ 2567 |
||
| 245 | 1 | 0 |
_aเบญจกตัญญุตา เฉลิมพระเกียรติ พระบาทสมเด็จพระเจ้าอยู่หัว เนื่องในโอกาสพระราชพิธีมหามงคลเฉลิมพระชนมพรรษา 6 รอบ 28 กรกฎาคม 2567 / _cคณะกรรมการจัดสร้างซุ้มประตูเฉลิมพระเกียรติ 72 พรรษา. |
| 260 |
_aกรุงเทพฯ : _bเบอร์ด้า (ประเทศไทย), _c2568. |
||
| 300 |
_a250 หน้า : _bภาพประกอบ ; _c33 ซม. |
||
| 505 | 2 | _aพระราชาผู้ทรงเปี่ยมล้นด้วยความกตัญญุตา -- 'เบญจกตัญญุตา' กาล่าดินเนอร์ -- พิธีเปิดซุ้มประตูเฉลิมพระเกียรติ 72 พรรษา -- หลอมรวมดวงใจไทยเป็นหนึ่งเดียว เทิดไท้มหาราชายอดกตัญญู. | |
| 600 | 0 | 4 |
_aวชิรเกล้าเจ้าอยู่หัว, _cพระบาทสมเด็จพระ, _d2495- _943092 |
| 942 |
_2lcc _cGB |
||
| 996 |
_ajidapa.t _bACQSTF _c2025-10-27 |
||
| 996 |
_avaree.k _bLIBSTF _c2025-10-30 |
||
| 996 |
_asaiphon.d _bCATSTF _c2025-10-31 |
||
| 999 |
_c107408 _d107408 |
||
| 998 |
_j104 _k นางสาวสายฝน ดีงาม |
||